000 00622nam a22002297a 4500
001 sjds170187
003 sjds
005 20171012150323.0
008 171012b cau||||| |||| 00| 0 spa d
020 _a9781595663986
020 _a1595663983
020 _a9781595664006 (pbk.)
040 _csjds
041 _aspa
100 _aMorgan, Sally
245 _aLechuzas /
_c Sally Morgan ; diseƱado por Jonathan Vipond.
260 _aLaguna Hills, Calif. :
_bQEB,
_cc2006.
300 _a32 pages :
_billustrations ;
_c 28 cm.
490 _a Vida de los animales.
700 _aVipond, Jonathan
942 _2ddc
_cBK
999 _c18921
_d18921